000 01517cam a2200265 a 4500
001 000010229
005 20240625135917.0
008 960305s1995 ve 000 p spa
020 _a9803450484
035 _a(DLC) 96121602
040 _aDO-SdBNP
_cDLC
_dDLC
_dBNPHU
082 _aCu861.44
_bP745p
245 0 0 _aPoetas cubanos actuales /
_cselección, prólogo y notas, Daniuska González.
260 _aMiranda, Venezuela :
_bAteneo de Los Teques :
_bColegio Universitario de Los Teques "Cecilio Acosta" :
_bAteneo de Petare,
_c[1995].
300 _a136 p. ;
_c20 cm.
490 1 _aAteneo de Los Teques
_v25
520 1 _aEn esta antología, Confeccionada para el público venezolano, la actualidad de la poesía cubana no Excluye un Establecidos los poetas, como Dulce María Loynaz, Cintio Vitier, Fina García-Marruz, Miguel Barnet. Poetas actuales Aquellos que todos son VIVEN Y sin importar Mantienen una obra sistemática 'su Reconocimiento o no. " La antología no Persigue AGRUPAR A LOS Diferentes poetas Ni a sus respectivas estéticas, si bien la nota introductoria advierte al lector de estas diferencias "- Handbook of Latin American Studies, v. 58.
650 4 _aPoesía cubana
_xCrítica e interpretación
_919776
650 4 _aPoetas cubanos
_ySIGLO XX
_925234
650 4 _aLiteratura cubana
_xCrítica e interpretación
_ySIGLO XX
_925235
700 1 _aGonzález, Daniuska,
_d1967-
_913702
830 0 _aAteneo de Los Teques ;
_v25
_920903
910 _aCatalogación por copia / LC
049 _aBNGR
999 _c9988
_d9988